| 000 | 01959cam a22004455a 4500 | ||
|---|---|---|---|
| 001 | e157910 | ||
| 008 | 100119s2013 xxko f 001 0 eng d | ||
| 020 | _a9781900915687 | ||
| 035 | _a(Sirsi) u157910 | ||
| 041 | 0 | _aeng | |
| 050 | 0 | 4 | _a690.241 $2 18 |
| 110 | 2 |
_aCathedral Communications Limited _93087 |
|
| 245 | 0 | 0 |
_aHistoric churches _bthe conservation and repair of ecclesiastical buildings _h[electronic resource] |
| 250 | _a20th ed. | ||
| 260 |
_aTisbury _bCathedral Communications _c2013 |
||
| 300 |
_a56p. _bcol. ill. _c30cm. |
||
| 490 | 0 | _aBuilding Conservation Directory Special Report | |
| 505 | 2 | _aKirkyard heritage -- Churchyard monuments -- Grouting solid masonry walls -- Architectural competitions -- Medieval mass dials decoded -- St John the Evangelist, Shobdon -- Rainwater -- Community grants -- Advances in LED lighting -- Organ builders & restorers map -- A Welsh treasure -- Painting railings -- Usefull addresses -- Products and services -- Index of advertisers | |
| 520 | _aDiscusses issues, building techniques and materials relevant to the conservation and repair of churches. Includes a directory of useful organisations, products and services. | ||
| 521 | 2 | _aAdvanced | |
| 590 | _aKA | ||
| 651 | 4 |
_aUnited Kingdom _y |
|
| 690 | _aBUILT ENVIRONMENT-BUILDING MAINTENANCE AND REFURBISHMENT-BUILDING RESTORATION | ||
| 700 | 1 | _aBuckham, Susan | |
| 700 | 1 | _aLloyd, Catherine | |
| 700 | 1 | _aStrachey, Sally | |
| 700 | 1 | _aWood, Chris | |
| 700 | 1 | _aBurns, Colin | |
| 700 | 1 | _aReading, Malcolm | |
| 700 | 1 | _aRumley, Peter TJ | |
| 700 | 1 | _aGibson, Frederick | |
| 700 | 1 | _aTaylor, Jonathan | |
| 700 | 1 | _aTulasiewicz, Eddie | |
| 700 | 1 | _aKirk, Bruce | |
| 700 | 1 | _aWheeler, Richard | |
| 700 | 1 | _aWilson, John | |
| 710 | 2 |
_aBuilding Conservation Directory _93988 |
|
| 856 | 4 | 0 |
_uhttps://www.buildingconservation.com/articles/allarticles.htm _zView the articles at www.buildingconservation.com |
| 942 | _n0 | ||
| 999 |
_c115025 _d115025 |
||